00416 2200157 4500001002100000008004100021035002000062245005800082260003400140300001500174020001800189084001600207082001000223650001300233990001200246INLIS000000000000497 ind  a0010-0722000046 aJurus maut Pengusaha Sukses Modal DengkulcJohn Afifi aYogyakarta:bFlashbooksc2016 a220c20 cm a9786022961796 a158.1 JOH j a158.1 aMotivasi aDI.1229